Applied regression analysis (Record no. 8859)
[ view plain ]
| 000 -LEADER | |
|---|---|
| fixed length control field | 00607cam a22002171 4500 |
| 001 - CONTROL NUMBER | |
| control field | 2169279 |
| 003 - CONTROL NUMBER IDENTIFIER | |
| control field | OSt |
| 005 - DATE AND TIME OF LATEST TRANSACTION | |
| control field | 20150912134155.0 |
| 008 - FIXED-LENGTH DATA ELEMENTS--GENERAL INFORMATION | |
| fixed length control field | 711013s1966 nyua b 000 0 eng |
| 010 ## - LIBRARY OF CONGRESS CONTROL NUMBER | |
| LC control number | 66017641 |
| 040 ## - CATALOGING SOURCE | |
| Original cataloging agency | SEKU |
| 050 00 - LIBRARY OF CONGRESS CALL NUMBER | |
| Classification number | QA 276 |
| Item number | .D6 |
| 100 1# - MAIN ENTRY--PERSONAL NAME | |
| Personal name | Draper, Norman Richard. |
| 245 10 - TITLE STATEMENT | |
| Title | Applied regression analysis |
| Statement of responsibility, etc. | [by] N. R. Draper [and] H. Smith. |
| 260 ## - PUBLICATION, DISTRIBUTION, ETC. (IMPRINT) | |
| Place of publication, distribution, etc. | New York, |
| Name of publisher, distributor, etc. | Wiley |
| Date of publication, distribution, etc. | [1966] |
| 300 ## - PHYSICAL DESCRIPTION | |
| Extent | ix, 407 p. |
| Other physical details | illus. |
| Dimensions | 24 cm. |
| 504 ## - BIBLIOGRAPHY, ETC. NOTE | |
| Bibliography, etc | Includes bibliographies. |
| 650 #0 - SUBJECT ADDED ENTRY--TOPICAL TERM | |
| Topical term or geographic name as entry element | Regression analysis. |
| 700 1# - ADDED ENTRY--PERSONAL NAME | |
| Personal name | Smith, Harry, |
| Dates associated with a name | 1923- |
| Relator term | joint author. |
| 942 ## - ADDED ENTRY ELEMENTS (KOHA) | |
| Source of classification or shelving scheme | Library of Congress Classification |
| Koha item type | General circulation |
| Withdrawn status | Lost status | Source of classification or shelving scheme | Damaged status | Not for loan | Home library | Current library | Shelving location | Date acquired | Source of acquisition | Total Checkouts | Full call number | Barcode | Date last seen | Date last checked out | Price effective from | Koha item type | Public note |
|---|---|---|---|---|---|---|---|---|---|---|---|---|---|---|---|---|---|
| Library of Congress Classification | Main Campus Library | Main Campus Library | General Stacks | 12/09/2015 | Donation - Books for Africa | 4 | QA 276 .D6 | 2015/007912 | 14/12/2017 | 06/12/2017 | 12/09/2015 | General circulation | AMK |